Constitucionalismo, derechos fundamentales y descuerdos /

Detalles Bibliográficos
Otros Autores: Ortega Gomero, Santiago (Editor, Traductor), Hernández Díaz, Carlos Arturo (Editor), Arguello Saltos, Joselito (Editor)
Formato: Electrónico eBook
Lenguaje:español
Publicado: Santiago, Chile : Quito, Ecuador : Guayaquil, Ecuador : Lima, Perú : Ediciones Olejnik ; Corte Constitucional del Ecuador ; Colegio de Abogados del Guayas ; Universidad Privada de Telesup, [2017]
Colección:Biblioteca teoría jurídica contemporánea.
Materias:
Acceso en línea:Digitalia Hispánica

MARC

LEADER 00000nam a2200000Ii 4500
001 DIGOLEJNK1123
003 NyNyDIG
006 m o d
007 cr |||||||||||
008 221112s2017 cl ob 000 0 spa d
035 |a (OCoLC)1352725534 
040 |a DGITA  |b eng  |e rda  |e pn  |c DGITA 
020 |z 9789563920710 
050 1 4 |a K3240 ebook 
245 0 0 |a Constitucionalismo, derechos fundamentales y descuerdos /  |c Santiago Ortega Gomero, Carlos Arturo Hernández, Joselito Arguello Saltos, editores ; Santiago Ortega Gomero, traductor. 
264 1 |a Santiago, Chile :  |b Ediciones Olejnik ;  |a Quito, Ecuador :  |b Corte Constitucional del Ecuador ;  |a Guayaquil, Ecuador :  |b Colegio de Abogados del Guayas ;  |a Lima, Perú :  |b Universidad Privada de Telesup,  |c [2017]  
300 |a 1 online resource. 
336 |a text  |b txt  |2 rdacontent 
337 |a computer  |b c  |2 rdamedia 
338 |a online resource  |b cr  |2 rdacarrier 
347 |a text file  |2 rdaft 
347 |b PDF 
490 1 |a Biblioteca teoría jurídica contemporánea  
504 |a Includes bibliographical references. 
588 0 |a Online resource; title from PDF title page (Digitalia, viewed November 12, 2022) 
650 0 |a Constitutional law. 
650 0 |a Human rights. 
650 0 |a Law  |x Philosophy. 
655 0 |a Electronic books. 
700 1 |a Ortega Gomero, Santiago,  |e editor,  |e translator. 
700 1 |a Hernández Díaz, Carlos Arturo,  |e editor. 
700 1 |a Arguello Saltos, Joselito,  |e editor. 
791 2 |a Digitalia (Firm),  |e distributor. 
793 0 |g Digitalia eBook Collection:  |a Ediciones Olejnik 
776 0 8 |i Print version:  |t Constitucionalismo, derechos fundamentales y descuerdos.  |b Primera edición.  |d Santiago, Chile : Ediciones Olejnik ; Quito, Ecuador : Corte Constitucional del Ecuador ; Guayaquil, Ecuador : Colegio de Abogados del Guayas ; Lima, Perú : Universidad Privada de Telesup, 2017  |z 9789563920710 
830 0 |a Biblioteca teoría jurídica contemporánea.  
856 4 0 |3 Digitalia Hispánica  |u https://www.digitaliapublishing.com/a/105285/ 
910 |a Premium collection: 2022